000 01220nam a22002537i 4500
999 _c23046
_d23046
003 AR-CdUCM
008 240913b20182018 pe||||| |||| 00| 0 spa d
020 _a978-84-08-19427-9
040 _aMUNICIPALIDAD PROVINCIAL DEL CUSCO
_cBIBLIOTECA MUNICIPAL DEL CUSCO
041 _hspa
082 _a658.3 / R91
_bR91
100 _aRubert, David
_950423
245 _aLa cuenta, por favor :
_bLa gestión de negocios de restauración /
260 _aBarcelona :
_bEditorial Planeta, S.A.
_c2018
300 _a375 páginas. :
_b23 cm.
505 _aNegocio de restauración: definición y factores clave -- Definición -- Sectores de restauración -- La estructura de costes en una actividad de restauración -- Tipos (Partidas) de costes en los negocios de restauración -- Enfoque en la lectura e interpretación de los costes -- La gran mentira del 33 % -- Método de los costes -- La cuenta de la explotación en un negocio de restauración -- El coste de materias primas o consumo
650 _aNegocios
_9825
650 _aSector de restauración
_950424
650 _aFactores clave
_950425
650 _aGestión de negocios
_950426
650 _aCoste
_950427
942 _2ddc
_cLIBROS
945 _apbj
_d2024-09-13